European Countries(Map Quiz) - Statistics

General Stats
  • This quiz has been taken 14 times
  • The average score is 45 of 46
Answers on the Map
Answers color-coded by a green-red scale on the quiz's map according to % correct below.
 
Answer Stats
Answer % Correct
Albania
100%
Austria
100%
Belarus
100%
Belgium
100%
Bosnia and Herzegovina
100%
Croatia
100%
Finland
100%
France
100%
Germany
100%
Greece
100%
Iceland
100%
Ireland
100%
Italy
100%
Kosovo
100%
Liechtenstein
100%
Luxembourg
100%
Malta
100%
Monaco
100%
Netherlands
100%
Norway
100%
Poland
100%
Portugal
100%
Romania
100%
Russia
100%
San Marino
100%
Serbia
100%
Spain
100%
Sweden
100%
Ukraine
100%
United Kingdom
100%
Andorra
93%
Czech Republic
93%
Denmark
93%
Estonia
93%
Hungary
93%
Lithuania
93%
Moldova
93%
Montenegro
93%
North Macedonia
93%
Slovakia
93%
Switzerland
93%
Turkey
93%
Vatican City
93%
Bulgaria
86%
Latvia
79%
Slovenia
79%
No matching quizzes found
Score Distribution
Percent of People with Each Score
Percentile by Number Answered
Your Score History
You have not taken this quiz